<?xml version="1.0" encoding="UTF-8"?>
<record
    xmlns:xsi="http://www.w3.org/2001/XMLSchema-instance"
    xsi:schemaLocation="http://www.loc.gov/MARC21/slim http://www.loc.gov/standards/marcxml/schema/MARC21slim.xsd"
    xmlns="http://www.loc.gov/MARC21/slim">

  <leader>02967nam a2200253   4500</leader>
  <controlfield tag="003">vecauma</controlfield>
  <controlfield tag="005">20260317143319.0</controlfield>
  <controlfield tag="007">ta</controlfield>
  <controlfield tag="008">260317b        ve ||||| |||| 00| 0 spa d</controlfield>
  <datafield tag="020" ind1=" " ind2=" ">
    <subfield code="a">8449304512</subfield>
  </datafield>
  <datafield tag="040" ind1=" " ind2=" ">
    <subfield code="a">vecauma</subfield>
    <subfield code="b">spa</subfield>
    <subfield code="c">vecauma</subfield>
    <subfield code="d">vecauma</subfield>
    <subfield code="e">rda</subfield>
  </datafield>
  <datafield tag="041" ind1=" " ind2=" ">
    <subfield code="a">spa</subfield>
  </datafield>
  <datafield tag="100" ind1="1" ind2=" ">
    <subfield code="e">autor</subfield>
  </datafield>
  <datafield tag="245" ind1="1" ind2=" ">
    <subfield code="a">Marketing pol&#xED;tico y comunicaci&#xF3;n</subfield>
    <subfield code="b">Claves para una buena informaci&#xF3;n pol&#xED;tica</subfield>
    <subfield code="c">/Philippe J. Maarek</subfield>
  </datafield>
  <datafield tag="264" ind1=" " ind2=" ">
    <subfield code="a">Espa&#xF1;a.</subfield>
    <subfield code="b">Paid&#xF3;s;</subfield>
    <subfield code="c">1997.</subfield>
  </datafield>
  <datafield tag="300" ind1=" " ind2=" ">
    <subfield code="a">281 p&#xE1;ginas.</subfield>
  </datafield>
  <datafield tag="336" ind1=" " ind2=" ">
    <subfield code="a">texto</subfield>
    <subfield code="b">txt</subfield>
    <subfield code="2">rdacontenido</subfield>
  </datafield>
  <datafield tag="337" ind1=" " ind2=" ">
    <subfield code="a">no mediado</subfield>
    <subfield code="b">n</subfield>
    <subfield code="2">rdamedio</subfield>
  </datafield>
  <datafield tag="338" ind1=" " ind2=" ">
    <subfield code="a">volumen</subfield>
    <subfield code="b">nc</subfield>
    <subfield code="2">rdasoporte</subfield>
  </datafield>
  <datafield tag="505" ind1="0" ind2=" ">
    <subfield code="a">                                            El desarrollo de la comunicaci&#xF3;n pol&#xED;tica moderna.
Los comienzos y el desarrollo del marketing pol&#xED;tico en Estados Unidos /

                                                   Fundamentos del marketing pol&#xED;tico moderno.
El marketing pol&#xED;tico: una empresa global /
Los medios de an&#xE1;lisis e informaci&#xF3;n /

                                                    Las herramientas del marketing pol&#xED;tico.
Las herramientas tradicionales /
Las herramientas audiovisuales /
M&#xE9;todos de marketing directo /

                                              Las caracter&#xED;sticas propias de las campa&#xF1;as electorales.
La estructura y la organizaci&#xF3;n de la campa&#xF1;a Las particularidades locales /
</subfield>
  </datafield>
  <datafield tag="520" ind1="3" ind2=" ">
    <subfield code="a">Con demasiada frecuencia, los pol&#xED;ticos y medios de comunicaci&#xF3;n del mundo occidental se unen en una extra&#xF1;a alianza que a veces puede resultar perjudicial para ambos. Este fen&#xF3;meno se ve agravado, por supuesto, por el hecho de que los dirigentes pol&#xED;ticos acepten ser las marionetas de ciertas tertulias televisivas que m&#xE1;s bien parecen modernos circos romanos. Sea como fuere, los responsables del bien p&#xFA;blico deben adaptar sus formas de comunicaci&#xF3;n a la evoluci&#xF3;n de la sociedad, tarea a la que se aplica este libro con el fin de mostrar de qu&#xE9; manera pueden ayudarles la comunicaci&#xF3;n global y el marketing pol&#xED;tico, a condici&#xF3;n, claro est&#xE1;, de que dominen todos sus resortes. El autor aborda la figura del pol&#xED;tico y su actividad proporcionando una amplia perspectiva sobre temas como las campa&#xF1;as para las elecciones o aquellas otras dise&#xF1;adas para mejorar su imagen y aumentar su popularidad entre el p&#xFA;blico. Y el resultado es un texto tan &#xFA;til para los estudiantes de ciencias de la comunicaci&#xF3;n como para miembros de partidos pol&#xED;ticos o cualquier otro lector que desee comprender mejor c&#xF3;mo se logra el triunfo en la batalla por el acceso al poder.
Philippe J. Maarek es copresidente del Comit&#xE9; de Investigaci&#xF3;n en Comunicaci&#xF3;n Pol&#xED;tica de la Asociaci&#xF3;n Internacional de Ciencia Pol&#xED;tica. Es tambi&#xE9;n profesor asociado en la Universidad de Par&#xED;s XII-Val-de-Marne y profesor invitado en las universidades de Par&#xED;s IPanth&#xE9;on-Sorbonne y Par&#xED;s X-Nanterre.
</subfield>
  </datafield>
  <datafield tag="942" ind1=" " ind2="1">
    <subfield code="2">lcc</subfield>
    <subfield code="n">0</subfield>
    <subfield code="c">BK</subfield>
  </datafield>
  <datafield tag="999" ind1=" " ind2=" ">
    <subfield code="c">13269</subfield>
    <subfield code="d">13269</subfield>
  </datafield>
  <datafield tag="952" ind1=" " ind2=" ">
    <subfield code="0">0</subfield>
    <subfield code="1">0</subfield>
    <subfield code="2">lcc</subfield>
    <subfield code="4">0</subfield>
    <subfield code="7">0</subfield>
    <subfield code="8">CG</subfield>
    <subfield code="a">BUMA</subfield>
    <subfield code="b">BUMA</subfield>
    <subfield code="c">GEN</subfield>
    <subfield code="d">2026-03-17</subfield>
    <subfield code="i">48901</subfield>
    <subfield code="l">0</subfield>
    <subfield code="p">2026-0402</subfield>
    <subfield code="r">2026-03-17</subfield>
    <subfield code="w">2026-03-17</subfield>
    <subfield code="y">BK</subfield>
  </datafield>
</record>
